| 000 | 00376nam a2200145Ia 4500 | ||
|---|---|---|---|
| 008 | 231129s1996||||xx |||||||||||||| ||spa|| | ||
| 020 | _a84-413-0634-6 | ||
| 040 | _bspa | ||
| 082 | _aU813.5 E21v | ||
| 100 | _aEddings David | ||
| 245 | 0 | _aLa vidente de Kell \ David Eddigs | |
| 260 | _c1996 | ||
| 264 | _aTimun Mas | ||
| 942 |
_2ddc _cBKS |
||
| 999 |
_c18489 _d18489 |
||